Watch the damage, not the cash (Record no. 83136)

MARC details
000 -LEADER
fixed length control field 00916cab a22001935a 4500
001 - CONTROL NUMBER
control field L152888
008 - FIXED-LENGTH DATA ELEMENTS--GENERAL INFORMATION
fixed length control field 110511e20110421xxk 000 0 eng d
035 ## - SYSTEM CONTROL NUMBER
System control number (Sirsi) u152888
041 0# - LANGUAGE CODE
Language code of text/sound track or separate title eng
100 1# - MAIN ENTRY--PERSONAL NAME
Personal name Anderson, Alexandra
245 00 - TITLE STATEMENT
Title Watch the damage, not the cash
Remainder of title contractors generally have no duty to protect clients against economic loss caused by defects
260 ## - PUBLICATION, DISTRIBUTION, ETC.
Date of publication, distribution, etc. 2011
490 ## - SERIES STATEMENT
Series statement Construction News
Volume/sequential designation (7214) 21 April 2011, 34(1)
520 ## - SUMMARY, ETC.
Summary, etc. In the Robinson v Jones case the court found that while a contractor will owe a duty to protect his client against personal injury or damage to other property caused by any defects with the works, he will not owe a duty to protect against purely economic losses caused by defects with the works.
590 ## - LOCAL NOTE (RLIN)
Local note KA
651 #4 - SUBJECT ADDED ENTRY--GEOGRAPHIC NAME
Geographic name United Kingdom
Chronological subdivision
690 ## - LOCAL SUBJECT ADDED ENTRY--TOPICAL TERM (OCLC, RLIN)
Topical term or geographic name as entry element BUILT ENVIRONMENT-CONSTRUCTION MANAGEMENT-BUILDING CONTRACT ADMINISTRATION
942 ## - ADDED ENTRY ELEMENTS (KOHA)
Suppress in OPAC 0
Holdings
Withdrawn status Lost status Source of classification or shelving scheme Damaged status Not for loan Home library Current library Shelving location Date acquired Total Checkouts Full call number Barcode Date last seen Copy number Price effective from Koha item type
    Dewey Decimal Classification     London London Journal article 11/05/2011   L152888 152888-1001 06/08/2019 1 06/08/2019 Journal article